01088pab a2200121 454500008003600000100001800036245010300054520071800157650001600875650001900891650001400910773004200924180718b xxu||||| |||| 00| 0 eng d aTaylor, Harry aPublic sector personnel management in three African countries: current poroblems and possibilities aPublic Administration as an aspect of government activity has existed as long as political systems have been functioning. At present, the stage of man's evolution, public administration is indespensable. No civilisation hope to function, without it. Urban society would be unhearable, law and order meaningless, development impracticable, world trade impassible and exalitarianism unattainable. The well-being of the community is increasingly becoming dependent on efficient governmental management, i.e. public administration. According to Prof. W.B. Donham "If our civilisation fails, it will be mainly because of a breakdown of administration. Hence, the author says that Public Administration embraces many ar a Management a Civil Service aPersonnel aPublic Administration and Development